Eğitim kurumu -işletme diyaloğu uluslararası konferansı (Record no. 4267)
[ view plain ]
| 000 -BAŞLIK | |
|---|---|
| Sabit Uzunlukta Kontrol Alanı | 00813na a2200253 4500 |
| 001 - KONTROL NUMARASI | |
| Denetim Alanı | 17655 |
| 003 - KONTROL NUMARASI IDENTIFIER | |
| Denetim Alanı | MIRAKIL |
| 005 - SON İŞLEM TARİHİ VE ZAMANI | |
| Denetim Alanı | 20181213154959.0 |
| 008 - SABİT-BOY VERİ ELEMANLARI - GENEL BİLGİLER | |
| Sabit Uzunlukta Kontrol Alanı | 161101b tu 000 0 |
| 020 ## - ULUSLARARASI STANDART KİTAP NUMARASI | |
| Uluslararası Standart Kitap Numarası | 975254525247 |
| 040 ## - KATALOGLAMA KAYNAK | |
| Orijinal Kataloglama Ajansı | Milas |
| Kataloglama Dili | tur |
| Metne Dönüştürmek Ajansı | TR-AnCHP |
| 041 ## - DİL KODU | |
| Metin / Ses Parça Veya Ayrı Başlığın Dil Kodu | tur |
| 082 ## - DEWEY ONLU SINIFLANDIRMA NUMARASI | |
| Sınıflandırma Numarası | 370.6 |
| Ürün Numarası | E35 2004 |
| 090 ## - SINIFLAMA NUMARASI | |
| Sınıflama Numarası | 370.6 E35 2004 |
| 111 ## - ANA GİRİŞ - TOPLANTI ADI | |
| Giriş Elemanı Olarak Toplantı Adı Veya Yargı Alanı Adı | Eğitim Kurumu -İşletme Diyaloğu Uluslararası Konferansı |
| Toplantının Yeri | Ankara |
| Toplantı Veya Antlaşma İmzalandığı Tarihi | 2004 |
| 245 ## - BAŞLIK TABLOSU | |
| Başlık | Eğitim kurumu -işletme diyaloğu uluslararası konferansı |
| Başlığın Kalan | 4-5 Mayıs 2004 |
| Sorumluluk Tablosu, Vb | TİSK |
| 260 ## - YAYIN, DAĞITIM, VB | |
| Yayın, Dağıtım, Vb Yeri | Ankara |
| Yayıncı, Dağıtıcı, Vs Adı | TİSK |
| Yayın, Dağıtım, Vb Tarihi | 2004 |
| 300 ## - FİZİKSEL TANIM | |
| Kapsam | 190 s. |
| Diğer Fiziksel Ayrıntıları | res. |
| Boyutlar | 24 sm. |
| 490 ## - SERİSİ TABLOSU | |
| Seri Beyanı | Türkiye İşveren Sendikaları Konfederasyonu |
| Hacim / Ardışık Tanımı | 247 |
| 650 ## - KONU KATMA GİRİŞ - TOPİKAL DÖNEM | |
| Topikal Süreli Veya Coğrafi Ad Giriş Elemanı | Eğitim |
| Genel Alt Bölümü | İşletmeler |
| Kronolojik Alt Bölümü | Toplantılar |
| 650 ## - KONU KATMA GİRİŞ - TOPİKAL DÖNEM | |
| Topikal Süreli Veya Coğrafi Ad Giriş Elemanı | Eğitim |
| Genel Alt Bölümü | Eğitim kurumları |
| Kronolojik Alt Bölümü | Toplantılar |
| 710 ## - KATMA GİRİŞ - KURUMSAL ADI | |
| Giriş Elemanı Olarak Kurumsal Ad Veya Yargı Alanı Adı | TİSK |
| 942 ## - EKLENDİ GİRİŞ ELEMANLARI (KOHA) | |
| Sınıflandırma Veya Raf Düzeni Kaynak | Dewey Decimal Classification |
| Koha Öğesi Türü | Books |
| 999 ## - SİSTEM KONTROL NUMARALARI (KOHA) | |
| Koha Biblionumber | 4267 |
| Koha Biblioitemnumber | 4267 |
| Kalıcı Konum | Mevcut Konum | Edinme Tarihi | Edinim Kaynak | Toplam Check-Out'Lar | Tam Çağrı Numarası | Barkod | Tarih Son Görülme | İtibaren Geçerli Fiyatlar | Koha Öğesi Türü |
|---|---|---|---|---|---|---|---|---|---|
| CHP Kütüphanesi | CHP Kütüphanesi | 11/01/2016 | Bağış | 370.6 E35 2004 | 005955 | 11/01/2016 | 11/01/2016 | Books |
